MEDIA TODAY (Record no. 216008)
[ view plain ]
| 000 -LEADER | |
|---|---|
| fixed length control field | 00431nam a22001577a 4500 |
| 008 - FIXED-LENGTH DATA ELEMENTS--GENERAL INFORMATION | |
| fixed length control field | 250811b |||||||| |||| 00| 0 eng d |
| 050 ## - LIBRARY OF CONGRESS CALL NUMBER | |
| Classification number | P 90 .T87 2011 |
| 100 ## - MAIN ENTRY--PERSONAL NAME | |
| Personal name | TUROW, JOSEPH |
| 245 ## - TITLE STATEMENT | |
| Title | MEDIA TODAY |
| Remainder of title | AN INTRODUCTON TO MASS COMMUNICATION |
| 250 ## - EDITION STATEMENT | |
| Edition statement | 4TH EDITION. |
| 260 ## - PUBLICATION, DISTRIBUTION, ETC. | |
| Place of publication, distribution, etc. | NEW YORK |
| Name of publisher, distributor, etc. | ROUTLEDGE |
| Date of publication, distribution, etc. | 2011 |
| 300 ## - PHYSICAL DESCRIPTION | |
| Extent | XXXXI, 621P., ILLU |
| 500 ## - GENERAL NOTE | |
| General note | INCLUCLEDES INDEX |
| 942 ## - ADDED ENTRY ELEMENTS (KOHA) | |
| Source of classification or shelving scheme | Library of Congress Classification |
| Koha item type | Long Loan Book |
| Withdrawn status | Lost status | Source of classification or shelving scheme | Damaged status | Not for loan | Collection | Home library | Current library | Shelving location | Date acquired | Inventory number | Total checkouts | Full call number | Barcode | Date last seen | Price effective from | Koha item type |
|---|---|---|---|---|---|---|---|---|---|---|---|---|---|---|---|---|
| Library of Congress Classification | Arts & Social Sciences | Kisii University Library | Kisii University Library | On Display | 08/11/2025 | 28887 | P 90. T87 2011 | 000000021161 | 08/11/2025 | 08/11/2025 | Long Loan Book |